<?xml version="1.0" encoding="UTF-8"?>
<record
    xmlns:xsi="http://www.w3.org/2001/XMLSchema-instance"
    xsi:schemaLocation="http://www.loc.gov/MARC21/slim http://www.loc.gov/standards/marcxml/schema/MARC21slim.xsd"
    xmlns="http://www.loc.gov/MARC21/slim">

  <leader>01243nam1a2200265 i 4500</leader>
  <controlfield tag="001">RU\NLR\bibl\38882</controlfield>
  <controlfield tag="005">20260407084443.0</controlfield>
  <datafield tag="035" ind1=" " ind2=" ">
    <subfield code="a">(NLR Aleph) 000037899</subfield>
  </datafield>
  <datafield tag="090" ind1=" " ind2=" ">
    <subfield code="a">195869</subfield>
    <subfield code="c">195869</subfield>
  </datafield>
  <datafield tag="100" ind1=" " ind2=" ">
    <subfield code="a">19990719g19979999u  y0rusy50      ca</subfield>
  </datafield>
  <datafield tag="101" ind1="0" ind2=" ">
    <subfield code="a">rus</subfield>
  </datafield>
  <datafield tag="102" ind1=" " ind2=" ">
    <subfield code="a">RU</subfield>
  </datafield>
  <datafield tag="105" ind1=" " ind2=" ">
    <subfield code="a">y   |||||||||</subfield>
  </datafield>
  <datafield tag="200" ind1="1" ind2=" ">
    <subfield code="a">&#x41F;&#x440;&#x438;&#x43C;&#x435;&#x43D;&#x435;&#x43D;&#x438;&#x435; &#x433;&#x438;&#x43F;&#x435;&#x440;&#x431;&#x430;&#x440;&#x438;&#x447;&#x435;&#x441;&#x43A;&#x43E;&#x439; &#x43E;&#x43A;&#x441;&#x438;&#x433;&#x435;&#x43D;&#x430;&#x446;&#x438;&#x438; &#x432; &#x430;&#x43C;&#x431;&#x443;&#x43B;&#x430;&#x442;&#x43E;&#x440;&#x43D;&#x43E;-&#x43F;&#x43E;&#x43B;&#x438;&#x43A;&#x43B;&#x438;&#x43D;&#x438;&#x447;&#x435;&#x441;&#x43A;&#x438;&#x445; &#x443;&#x441;&#x43B;&#x43E;&#x432;&#x438;&#x44F;&#x445;</subfield>
    <subfield code="e">&#x418;&#x43D;&#x444;&#x43E;&#x440;&#x43C;. &#x43F;&#x438;&#x441;&#x44C;&#x43C;&#x43E;</subfield>
    <subfield code="f">&#x41C;-&#x432;&#x43E; &#x437;&#x434;&#x440;&#x430;&#x432;&#x43E;&#x43E;&#x445;&#x440;&#x430;&#x43D;&#x435;&#x43D;&#x438;&#x44F; &#x420;&#x43E;&#x441;. &#x424;&#x435;&#x434;&#x435;&#x440;&#x430;&#x446;&#x438;&#x438;, &#x412;&#x43E;&#x440;&#x43E;&#x43D;&#x435;&#x436;. &#x433;&#x43E;&#x441;. &#x43C;&#x435;&#x434;. &#x430;&#x43A;&#x430;&#x434;. &#x438;&#x43C;. &#x41D;.&#x41D;.&#x411;&#x443;&#x440;&#x434;&#x435;&#x43D;&#x43A;&#x43E;, &#x422;&#x435;&#x440;&#x440;&#x438;&#x442;.-&#x43C;&#x435;&#x434;. &#x43E;&#x431;-&#x43D;&#x438;&#x435; N10</subfield>
  </datafield>
  <datafield tag="210" ind1=" " ind2=" ">
    <subfield code="a">&#x412;&#x43E;&#x440;&#x43E;&#x43D;&#x435;&#x436;</subfield>
    <subfield code="c">&#x412;&#x413;&#x41C;&#x410;</subfield>
    <subfield code="d">1997</subfield>
  </datafield>
  <datafield tag="215" ind1=" " ind2=" ">
    <subfield code="d">20</subfield>
  </datafield>
  <datafield tag="463" ind1=" " ind2="0">
    <subfield code="1">00138177</subfield>
  </datafield>
  <datafield tag="606" ind1=" " ind2=" ">
    <subfield code="a">&#x413;&#x438;&#x43F;&#x435;&#x440;&#x431;&#x430;&#x440;&#x43E;&#x43E;&#x43A;&#x441;&#x438;&#x433;&#x435;&#x43D;&#x43E;&#x442;&#x435;&#x440;&#x430;&#x43F;&#x438;&#x44F;</subfield>
    <subfield code="j">&#x41C;&#x435;&#x442;&#x43E;&#x434;&#x438;&#x447;&#x435;&#x441;&#x43A;&#x438;&#x435; &#x43F;&#x43E;&#x441;&#x43E;&#x431;&#x438;&#x44F;</subfield>
    <subfield code="9">922672</subfield>
    <subfield code="3">RU\NLR\auth\6619652</subfield>
  </datafield>
  <datafield tag="686" ind1=" " ind2=" ">
    <subfield code="a">&#x420;358.5&#x44F;8</subfield>
  </datafield>
  <datafield tag="712" ind1="0" ind2="2">
    <subfield code="4">570</subfield>
    <subfield code="a">&#x412;&#x43E;&#x440;&#x43E;&#x43D;&#x435;&#x436;&#x441;&#x43A;&#x430;&#x44F; &#x433;&#x43E;&#x441;&#x443;&#x434;&#x430;&#x440;&#x441;&#x442;&#x432;&#x435;&#x43D;&#x43D;&#x430;&#x44F; &#x43C;&#x435;&#x434;&#x438;&#x446;&#x438;&#x43D;&#x441;&#x43A;&#x430;&#x44F; &#x430;&#x43A;&#x430;&#x434;&#x435;&#x43C;&#x438;&#x44F; &#x438;&#x43C;. &#x41D;. &#x41D;. &#x411;&#x443;&#x440;&#x434;&#x435;&#x43D;&#x43A;&#x43E;</subfield>
    <subfield code="3">RU\NLR\AUTH\8812457</subfield>
    <subfield code="9">297688</subfield>
  </datafield>
  <datafield tag="801" ind1=" " ind2="0">
    <subfield code="a">RU</subfield>
    <subfield code="b">NLR</subfield>
    <subfield code="c">19990719</subfield>
    <subfield code="g">PSBO</subfield>
  </datafield>
  <datafield tag="801" ind1=" " ind2="1">
    <subfield code="a">RU</subfield>
    <subfield code="b">NLR</subfield>
    <subfield code="c">19990719</subfield>
  </datafield>
  <datafield tag="852" ind1=" " ind2=" ">
    <subfield code="a">NLR</subfield>
    <subfield code="j">99-4/3837</subfield>
  </datafield>
  <datafield tag="942" ind1=" " ind2=" ">
    <subfield code="c">BOOK</subfield>
  </datafield>
</record>
